<?xml version="1.0" encoding="UTF-8"?><?xml-stylesheet type="text/xsl" href="static/style.xsl"?><OAI-PMH xmlns="http://www.openarchives.org/OAI/2.0/" xmlns:xsi="http://www.w3.org/2001/XMLSchema-instance" xsi:schemaLocation="http://www.openarchives.org/OAI/2.0/ http://www.openarchives.org/OAI/2.0/OAI-PMH.xsd"><responseDate>2026-04-14T06:42:32Z</responseDate><request verb="GetRecord" identifier="oai:www.recercat.cat:2117/445240" metadataPrefix="marc">https://recercat.cat/oai/request</request><GetRecord><record><header><identifier>oai:recercat.cat:2117/445240</identifier><datestamp>2025-11-08T05:24:32Z</datestamp><setSpec>com_2072_1033</setSpec><setSpec>col_2072_452951</setSpec></header><metadata><record xmlns="http://www.loc.gov/MARC21/slim" xmlns:dcterms="http://purl.org/dc/terms/" xmlns:xsi="http://www.w3.org/2001/XMLSchema-instance" xmlns:doc="http://www.lyncode.com/xoai" xsi:schemaLocation="http://www.loc.gov/MARC21/slim http://www.loc.gov/standards/marcxml/schema/MARC21slim.xsd">
   <leader>00925njm 22002777a 4500</leader>
   <datafield ind2=" " ind1=" " tag="042">
      <subfield code="a">dc</subfield>
   </datafield>
   <datafield ind2=" " ind1=" " tag="720">
      <subfield code="a">Morros Masana, Albert</subfield>
      <subfield code="e">author</subfield>
   </datafield>
   <datafield ind2=" " ind1=" " tag="260">
      <subfield code="c">2020</subfield>
   </datafield>
   <datafield ind2=" " ind1=" " tag="520">
      <subfield code="a">El problema ha resoldre amb aquest treball ha sigut el de realitzar un producte cinematogràfic de qualitat amb el mínim pressupost possible. Per aconseguir aquest propòsit he establert dos objectius fonamentals. El primer ha sigut el de realitzar un curtmetratge amb un pressupost baix i el segon el de ser capaç de dominar les eines que intervenen en la realització d’un curtmetratge. També he establert quatre objectius específics, més concrets amb el projecte que estava realitzant. Ser capaç de realitzar ajustos de càmera adequats depenent de l’escena, utilitzar el pla i el moviment de càmera correcte depenent de la narració, aprendre a utilitzar tècnicament Premiere per a fer la postproducció, i realitzar un tràiler comercial del curtmetratge. L’abast del projecte és, per una banda, la gent amant del cine de terror, i per altre, la gent interessada en els curtmetratges, en especial, en els curtmetratges de terror. La metodologia utilitzada en aquest projecte, ha sigut, com en la majoria de projectes d’aquest estil: la preproducció, la producció i la postproducció. El resultat del projecte ha sigut un curtmetratge d’una durada aproximada de sis minuts. A més a més del resultat com a tal, també he obtingut tot el procés de creació d’un curtmetratge, des de la fase de preproducció fins a la de postproducció. En resum, he arribat a les conclusions que els objectius fonamentals els he complert en gran part, i que els objectius específics si que m’han resultat més senzills de poder dur-los a cap ja que estaven més enfocats als meus interessos, excepte el que tractava de poder utilitzar correctament la càmera emprada en la gravació del material en la fase de rodatge.</subfield>
   </datafield>
   <datafield ind1="8" ind2=" " tag="024">
      <subfield code="a">http://hdl.handle.net/2117/445240</subfield>
   </datafield>
   <datafield tag="653" ind2=" " ind1=" ">
      <subfield code="a">Àrees temàtiques de la UPC::So, imatge i multimèdia::Creació multimèdia::Producció audiovisual</subfield>
   </datafield>
   <datafield tag="653" ind2=" " ind1=" ">
      <subfield code="a">Short films</subfield>
   </datafield>
   <datafield tag="653" ind2=" " ind1=" ">
      <subfield code="a">Curtmetratge</subfield>
   </datafield>
   <datafield tag="653" ind2=" " ind1=" ">
      <subfield code="a">Creativitat</subfield>
   </datafield>
   <datafield tag="653" ind2=" " ind1=" ">
      <subfield code="a">Col·laboració</subfield>
   </datafield>
   <datafield tag="653" ind2=" " ind1=" ">
      <subfield code="a">Art</subfield>
   </datafield>
   <datafield tag="653" ind2=" " ind1=" ">
      <subfield code="a">Equilibri</subfield>
   </datafield>
   <datafield tag="653" ind2=" " ind1=" ">
      <subfield code="a">Història</subfield>
   </datafield>
   <datafield tag="653" ind2=" " ind1=" ">
      <subfield code="a">Tècnica</subfield>
   </datafield>
   <datafield tag="653" ind2=" " ind1=" ">
      <subfield code="a">Planificació</subfield>
   </datafield>
   <datafield tag="653" ind2=" " ind1=" ">
      <subfield code="a">Narració</subfield>
   </datafield>
   <datafield tag="653" ind2=" " ind1=" ">
      <subfield code="a">Suspens</subfield>
   </datafield>
   <datafield tag="653" ind2=" " ind1=" ">
      <subfield code="a">Curtmetratges</subfield>
   </datafield>
   <datafield ind2="0" ind1="0" tag="245">
      <subfield code="a">MORTEM. Creació d’un curtmetratge</subfield>
   </datafield>
</record></metadata></record></GetRecord></OAI-PMH>